000 00399nam a2200145Ia 4500
008 230917s9999||||xx |||||||||||||| ||und||
040 _e124798
_aMAIN
041 _aEnglish
082 _a355.30951 W617C
100 _aWhitson, William W
245 0 _aChinese high command: A history of communist military politics 1927-71
260 _aLondon
_bMacmillan
_c1973
300 _a638 p.
942 _cBK
999 _c164419
_d164419